000 00500nam a2200169Ia 4500
008 090711s9999 xx 000 0 und d
082 _b62202
100 _aकाकोडकर Sांद्रकांत
245 _aअभिमान
260 _c1989
300 _a186
600 _aकाकोडकर Sांद्रकांत
630 _aअभिमान
700 _aकाकोडकर Sांद्रकांत
730 _aअभिमान
942 _cBOOK
999 _c295160
_d295160